| 000 | 02221nam a2200565 i 4500 | ||
|---|---|---|---|
| 001 | 15141 | ||
| 003 | KOSZ 005 | ||
| 005 | 20200622112920.0 | ||
| 008 | 200402s1973 pl a f 000 0 pol | ||
| 015 | _aUWD 1973/2970 | ||
| 035 | _a991034254679705066 | ||
| 035 | _a(PL-WaBN)b19163733-48omnis_nlop | ||
| 035 | _ab19163733 | ||
| 035 | _a(OCoLC)804200847 | ||
| 035 | _a(PL)b0000001916373 | ||
| 035 | _a(EXLNZ-48OMNIS_NETWORK)9910416837205606 | ||
| 040 |
_aWA N _cWA N _dKOSZ 005/RW |
||
| 041 | 0 |
_apol _beng _brus |
|
| 046 | _k1973 | ||
| 080 | _a007.5 | ||
| 080 | _a004.4 | ||
| 100 | 1 |
_aBogdanów, Henryk _eAutor |
|
| 245 | 1 | 0 |
_aZagadnienia teorii automatów / _cHenryk Bogdanów, Reinhold Kołodziej, Ryszard Nowakowski. |
| 260 |
_aWrocław : _bWydawnictwo Politechniki Wrocławskiej, _c1973. |
||
| 300 |
_a70 stron : _bilustracje ; _c24 cm. |
||
| 336 |
_aTekst _btxt _2rdacontent |
||
| 337 |
_aBez urządzenia pośredniczącgo _bn _2rdamedia |
||
| 338 |
_aWolumin _bnc _2rdacarrier |
||
| 380 | _aKsiążki | ||
| 380 | _aPublikacje naukowe | ||
| 388 | _a1901-2000 | ||
| 388 | _a1945-1989 | ||
| 490 | 1 |
_aPrace Naukowe Instytutu Matematyki i Fizyki Teoretycznej Politechniki Wrocławskiej. Studia i Materiały, _x0324-9581 ; _vnr 5 |
|
| 500 | _aNumeracja serii głównej: nr 5 | ||
| 504 | _aBibliografia przy rozdziałach. | ||
| 546 | _aStreszczenie w języku angielskim i rosyjskim. | ||
| 650 | 7 |
_aProgramowanie (informatyka) _2DBN |
|
| 650 | 7 |
_aAutomaty _2DBN |
|
| 655 | 7 | _aOpracowanie | |
| 658 | _aInżynieria i technika | ||
| 658 | _aInformatyka i technologie informacyjne | ||
| 700 | 1 |
_aKołodziej, Reinhold _eAutor |
|
| 700 | 1 |
_aNowakowski, Ryszard _eAutor |
|
| 710 | 2 |
_aOficyna Wydawnicza Politechniki Wrocławskiej _4pbl |
|
| 830 | 0 |
_aPrace Naukowe Instytutu Matematyki i Fizyki Teoretycznej Politechniki Wrocławskiej _vnr 5 |
|
| 830 | 0 |
_aPrace Naukowe Instytutu Matematyki i Fizyki Teoretycznej Politechniki Wrocławskiej. _pStudia i Materiały _vnr 5 |
|
| 856 |
_uhttp://koha.tu.koszalin.pl/cgi-bin/koha/opac-detail.pl?biblionumber=15141 _yKatalog online BPK |
||
| 942 |
_2UKD _cKS |
||
| 999 |
_c15141 _d15141 |
||